000 00757nam a22002297a 4500
999 _c3097
_d3097
003 AR-CdUCM
008 190305b ||||| |||| 00| 0 spa d
040 _aMUNICIPALIDAD PROVINCIAL DEL CUSCO
_cBIBLIOTECA MUNICIPAL DEL CUSCO
082 _a869.56 /
_bV18P7
100 _aValcárcel, Gustavo
_9737
245 _aPoesía extremista /
260 _aLima :
_bEditora Perú Nuevo,
_c1967.
300 _a28 páginas ;
_bIlustraciones, dibujos ;
_c21 cm.
500 _aDonación de la familia Nieto.
650 _a Poesía peruana
_910478
650 _aPoesía extremista
_910479
650 _aGustavo Valcarcel - Poesía
_910480
650 _aSiglo XX
_98
700 _aBejar Rivera, Hector (Ilustrador)
_910481
942 _2ddc
_cLIBROS
945 _alccs